000 00521nam a2200157 i 4500
001 85908
003 ES-MaACL
007 t|
008 041202s1907 fr ||||1| fre d
100 0 _aKeim, Albert
_967732
245 1 0 _aHelvétius
_b: la vie et son amore d'afaires ses ouvrages des écrits divers et des documents inedits /
_cpar Albert Keim.
260 _aParis :
_b[s.n.,
_c1907] (
_fPhilippe Renouard)
300 _aVIII, 719 p., 1 lám. ;
_c23 cm.
852 _aES-MaACL
_jB-6622
999 _c85908
_d85908